Finite element method in engineering (Record no. 39947)

000 -LEADER
fixed length control field 00562nam a2200217 a 4500
001 - CONTROL NUMBER
control field 39947
003 - CONTROL NUMBER IDENTIFIER
control field BD-DhUET
008 - FIXED-LENGTH DATA ELEMENTS--GENERAL INFORMATION
fixed length control field 881109s1989 enka b 001 0 eng
020 ## - INTERNATIONAL STANDARD BOOK NUMBER
International Standard Book Number 0080334199
040 ## - CATALOGING SOURCE
Original cataloging agency DLC
Transcribing agency DLC
Modifying agency BD-DhUET
082 00 - DEWEY DECIMAL CLASSIFICATION NUMBER
Classification number 517.6
Item number RAO/1989
100 ## - MAIN ENTRY--PERSONAL NAME
Personal name Rao, S. S.
245 14 - TITLE STATEMENT
Title Finite element method in engineering
250 ## - EDITION STATEMENT
Edition statement 2nd ed.
260 ## - PUBLICATION, DISTRIBUTION, ETC. (IMPRINT)
Place of publication, distribution, etc. Oxford
Name of publisher, distributor, etc. Pergamon Press
Date of publication, distribution, etc. 1989
300 ## - PHYSICAL DESCRIPTION
Extent xxvi, 643 p.
504 ## - BIBLIOGRAPHY, ETC. NOTE
Bibliography, etc Includes bibliographies
650 #0 - SUBJECT ADDED ENTRY--TOPICAL TERM
Topical term or geographic name as entry element Finite element method
650 #0 - SUBJECT ADDED ENTRY--TOPICAL TERM
Topical term or geographic name as entry element Engineering mathematics
942 ## - ADDED ENTRY ELEMENTS (KOHA)
Koha item type General Book
Holdings
Piece designation (barcode) Withdrawn status Koha full call number Koha item type Damaged status Copy number Lost status Shelving location Not for loan Price effective from Location (home branch) Koha date last seen Date acquired Source of classification or shelving scheme Koha normalized classification for sorting Sublocation or collection (holding branch)
82325 517.6/RAD/1989General Book 1 Circulation section 2017-04-09Central Library, BUET2017-04-091991-11-27 517_600000000000000_RAD_1989Central Library, BUET